000 00202cam a2200085 4500
008 080529n 000 0 eng u
035 _a(Sirsi) a153382
100 _afessenden r j
245 _aorganic chemistry
999 _c8848
_d8848